000 00451nam a22001457a 4500
005 20160127112425.0
008 141210b xxu||||| |||| 00| 0 eng d
050 _aSPC PR9390.6S754L4
100 _aSpicer, N.H.D.
_913101
245 _aLeaves in the wind
_ba book of poems
_c/ N.H.D. Spicer; Lino-Cuts by D.J Avery
260 _aSalisbury
_bHerald Office
_c1932
300 _a37p.
_c20cm.
700 _aAvery, D.J. (linocuts)
_913103
942 _2lcc
_cSPC
999 _c121420
_d121420